Normal view
MARC view
- HUMAN ANATOMY ANOTOMY BODY-HUMAN
Entry Topical Term
001 - CONTROL NUMBER
- control field: 56884
003 - CONTROL NUMBER IDENTIFIER
- control field: NUST
005 - DATE AND TIME OF LATEST TRANSACTION
- control field: 20210628201811.0
008 - FIXED-LENGTH DATA ELEMENTS
- fixed length control field: 210628|| aca||aabn | a|a d
040 ## - CATALOGING SOURCE
- Original cataloging agency: NUST
- Transcribing agency: NUST
150 ## - HEADING--TOPICAL TERM
- Topical term or geographic name entry element: HUMAN ANATOMY ANOTOMY BODY-HUMAN
670 ## - SOURCE DATA FOUND
- Source citation: Work cat.: (NUST): Van De Graaff, Kent.M 56883, Human anotomy, 1998
